000 00366pab a2200145 454500
008 180718b1998 xxu||||| |||| 00| 0 eng d
100 _aRoy, Sunando
245 _aThe economics of Amartya Sen - a review
260 _c1998
300 _ap.395-415
362 _aDec
650 _aSen, Amartya
773 _aReserve Bank of India Occasional Papers
909 _a40764
999 _c40764
_d40764